000 00624nas a2200217 4500
001 BR0705860
003 BR-BrBNA
005 20231205111216.0
007 ta
008 230509b bl.|||p| |||| 00| 00por d
040 _aBR-BrBNA
_bpor
_cBiblioteca Nacional de Agricultura
041 _a(Pt)
072 _aE70
245 1 _aBrasil terá maior rebanho comercial do mundo
650 _aBOVINO
650 _aREBANHO
650 _aCOMÉRCIO EXTERIOR
773 0 _tVisão Agrícola (Brazil)
_xISSN 1806-6402
_g(Jan-Jun 2005), v. 2(3) p. 63-66
_wBR0705860
909 _a202311
_bLúcia
_c55
_dLúcia Elande
942 _2AGRIS
_n0
_cANA
999 _c191356
_d191356